000 00465nam a2200193Ia 4500
003 OSt
005 20221005122823.0
006 a|||||r|||| 00| 0
007 ta
008 221004b |||||||| |||| 00| 0 eng d
024 _a113091
037 _cTextual
040 _aCRL
_cCRL
_beng
041 _2eng
_aeng
100 _aDexit Jagdamba Prasad
_9632661
245 0 _aKata Hua Asman
942 _cTEXL
_2cc
999 _c1045484
_d1045484